Szczegóły MARC21

Paweł I czyli Śmierć tyrana /

003 -Nazwa inst., której nr kontr. jest w polu 001 [,]
    • @
    • Nazwa instytucji, której n kontrolny jest w polu 001
    • NUKAT
005 -DATA I CZAS OSTATNIEJ MODYFIKACJI [,]
    • @
    • pole kontrolne
    • 20241231104439.0
020 -Międzynarod. znormalizowany nr książki - ISBN [ , ]
    • a
    • Numer ISBN
    • 8306017277 Find
040 -Instytucja sporządzająca opis [ , ]
    • a
    • Instytucja, która sporządziła opis (NP)
    • WR O/AK
    • c
    • Instytucja, która sporządziła rekord (NP)
    • WR O/AK
    • d
    • Instytucja, która zmodyfikowała rekord (P)
    • WR O/AKs
    • d
    • Instytucja, która zmodyfikowała rekord (P)
    • WR O/PC
    • d
    • Instytucja, która zmodyfikowała rekord (P)
    • SIEDL 001/WS
    • d
    • Instytucja, która zmodyfikowała rekord (P)
    • KAT U/SNs
041 -Język dokumentu [1, ]
    • a
    • Język tekstu (P)
    • polski
    • h
    • Język tekstu oryginalnego i/lub pośredniego (P)
    • rosyjski
942 -Rodzaj dokumentu [ , ]
    • c
    • Rodzaj dokumentu
    • Książka
100 -Hasło główne - nazwa osobowa [1, ]
    • a
    • Nazwa osobowa (NP)
    • Èjdel'man, Natan Âkovlevič
    • d
    • Daty biograficzne (NP)
    • (1930-1989).
    • 9
    • KHW
    • 259048
240 -Tytuł ujednolicony [1,0]
    • a
    • Tytuł ujednolicony
    • Gran' vekov
    • l
    • Język tekstu
    • (pol.)
    • 9
    • KHW
    • 479089
245 -Strefa tytułu i oznaczenia odpowiedzialności [1,0]
    • a
    • Tytuł
    • Paweł I czyli Śmierć tyrana / Find
    • c
    • Pozostałe elementy strefy tytułu i oznaczenia odpowiedzialności (NP)
    • Natan Ejdelman ; przeł. Wiktoria i René Śliwowscy.
260 -Strefa adresu wydawniczego [ , ]
    • a
    • Miejsce wydania (P)
    • Warszawa :
    • b
    • Nazwa wydawcy (P)
    • Państ. Instytut Wydawniczy,
    • c
    • Data wydania (P)
    • 1990.
300 -Strefa opisu fizycznego [ , ]
    • a
    • Określenie formy książki i/lub objętość (NP)
    • 389 s., [24] s. tabl. ;
    • c
    • Format (NP)
    • 21 cm.
336 -Typ zawartości [ , ]
    • a
    • Termin opisujący typ zawartości
    • Tekst
    • b
    • Kod określający zawartość
    • txt
    • 2
    • Źródło (terminu i kodu)
    • rdacontent
337 -Typ mediów [ , ]
    • a
    • Tryb odtwarzania
    • Bez urządzenia pośredniczącego
    • b
    • Kod typu mediów
    • n
    • 2
    • Źródło (terminu i kodu)
    • rdamedia
338 -Typ/rodzaj nośnika [ , ]
    • a
    • Hasło opisujące typ nośnika
    • Wolumin
    • b
    • Kod typu nośnika
    • nc
    • 2
    • Źródło (terminu i kodu)
    • rdacarrier
490 -Strefa serii i książki wielotomowej - forma nie do wyszukiwania [1, ]
    • a
    • Tytuł (P)
    • Biografie Sławnych Ludzi Find
830 -Hasło dodatkowe serii i opisu książki wielotomowej - tytuł ujednolicony/tytuł [ ,0]
    • a
    • Tytuł ujednolicony/tytuł (NP)
    • Biografie Sławnych Ludzi
    • 9
    • KHW
    • 7360
504 -Uwaga dot. bibliogr. załącznikowej [ , ]
    • a
    • Uwaga dot. bibliografii załącznikowej
    • Bibliogr. s. 364-373. Indeks.
080 -Uniwersalna Klasyfikacja Dziesiętna [ , ]
    • 2
    • Identyfikator wydania tablic
    • UDC-P058
    • a
    • Symbol klasyfikacji
    • 929-052A/Z
    • b
    • Dopowiedzenie
    • Biografie indywidualne.
    • x
    • Poddział wspólny
    • "17"
    • b
    • Dopowiedzenie
    • Wiek XVIII.
080 -Uniwersalna Klasyfikacja Dziesiętna [ , ]
    • 2
    • Identyfikator wydania tablic
    • UDC-P058
    • a
    • Symbol klasyfikacji
    • 94(470+571)
    • b
    • Dopowiedzenie
    • Historia Rosji.
    • x
    • Poddział wspólny
    • "17"
    • b
    • Dopowiedzenie
    • Wiek XVIII.
600 -Hasło przedmiotowe w formie nazwy osobowej [0,7]
    • a
    • Nazwa osobowa
    • Paweł
    • b
    • Numeracja zwiazana z nazwą
    • I
    • c
    • Dopowiedzenie
    • (car Rosji ;
    • d
    • Daty związane z nazwą
    • 1754-1801).
    • 2
    • Źródło terminu
    • kaba
    • 9
    • KHW
    • 247570
600 -Hasło przedmiotowe w formie nazwy osobowej [0,7]
    • a
    • Nazwa osobowa
    • Paweł
    • b
    • Numeracja zwiazana z nazwą
    • I
    • c
    • Dopowiedzenie
    • (car Rosji ;
    • d
    • Daty związane z nazwą
    • 1754-1801)
    • v
    • Określnik formalny
    • biografie.
    • 2
    • Źródło terminu
    • kaba
    • 9
    • KHW
    • 478989
651 -Hasło przedmiotowe w formie nazwy geograficznej [ ,7]
    • a
    • Nazwa geograficzna
    • Rosja
    • y
    • Określnik chronologiczny
    • 1796-1801 (Paweł I).
    • 2
    • Źródło terminu
    • kaba
    • 9
    • KHW
    • 128209
980 -Symbol UKD [ , ]
    • a
    • UKD
    • 929-052Paweł I:94(470+571)]"17"
700 -Hasło dodatkowe - nazwa osobowa [1, ]
    • a
    • Nazwa osobowa (NP)
    • Śliwowska, Wiktoria Find
    • d
    • Daty biograficzne (NP)
    • (1931-2021).
    • e
    • Określenie rodzaju współpracy
    • Tł.
    • 9
    • KHW
    • 24047
700 -Hasło dodatkowe - nazwa osobowa [1, ]
    • a
    • Nazwa osobowa (NP)
    • Śliwowski, René Find
    • d
    • Daty biograficzne (NP)
    • (1930-2015).
    • e
    • Określenie rodzaju współpracy
    • Tł.
    • 9
    • KHW
    • 24048
710 -Hasło dodatkowe - nazwa ciała zbiorowego [2, ]
    • a
    • Nazwa ciała zbiorowego lub nazwa geograficzna jako pierwszy element (NP)
    • Państwowy Instytut Wydawniczy.
    • 4
    • Kod relacji
    • pbl
    • 9
    • KHW
    • 51410
920 -ISBN [ , ]
    • a
    • ISBN
    • 83-06-01727-7 Find
Status udost. Numer inwentarzowy Lokalizacja Data inwentaryzacji
1Z.78740BG 
-3W.170342BG 
-3W.170343BG 
-3W.170344BG 
1H.2000BNS 
-3H.15887BNS2007-05-18